Concepts of programming languages.

Uloženo v:
Podrobná bibliografie
Hlavní autor: Elson, Mark
Médium: Kniha
Jazyk:English
Vydáno: Chicago, Science Research Associates, [1973].
Edice:The SRA computer science series
Témata:
LEADER 00938cam a2200253 a 4500
001 c000181916
003 CARM
005 20050330133631.0
008 730426s1973 ilua b 001 0 eng
019 1 |a 597040  |z 23871703  |z 21702165  |5 LACONCORD2021 
035 |a (OCoLC)623519  |5 LACONCORD2021 
040 |a LC  |b eng  |c LC  |d NU 
050 0 0 |a QA76.7  |b .E47 
082 0 4 |a 001.6/424 
100 1 |a Elson, Mark. 
245 1 0 |a Concepts of programming languages. 
260 |a Chicago,  |b Science Research Associates,  |c [1973]. 
300 |a xii, 333 p.  |b illus. ;  |c 25 cm. 
490 0 |a The SRA computer science series 
504 |a Bibliography: p. [317]-325. 
650 0 |a Programming languages (Electronic computers) 
852 8 |b CARM  |h A2:AK38C0  |i C06426  |p 0246840  |f BK 
999 f f |i 0739215b-4c6b-5104-ad88-7d2e6567cb45  |s 144ac58b-777f-5c5f-8f08-d0319e70db86 
952 f f |p Can circulate  |a CAVAL  |b CAVAL  |c CAVAL  |d CARM 1 Store  |e C06426  |f A2:AK38C0  |h Other scheme  |i book  |m 0246840